Feminine Principle in the Sikh Vision of the Transcendent (Record no. 9624)

MARC details
000 -LEADER
fixed length control field 00672nam a2200253 a 4500
020 ## - INTERNATIONAL STANDARD BOOK NUMBER
ISBN
082 00 - DEWEY DECIMAL CLASSIFICATION NUMBER
Classification number 294.6
Author Cutter SIN5
100 ## - MAIN ENTRY--AUTHOR NAME
Author name Singh, Nikky-G Kaur
245 ## - TITLE STATEMENT
Title Feminine Principle in the Sikh Vision of the Transcendent
260 ## - PUBLICATION, DISTRIBUTION, ETC. (IMPRINT)
Place of publication Cambridge
Name of publisher Cambridge University Press
Year of publication 1993
300 ## - PHYSICAL DESCRIPTION
Number of Pages 318p
500 ## - GENERAL NOTE
General note includes index and biblioraphy
505 2# - FORMATTED CONTENTS NOTE
Formatted contents note Notes, List of Reference, Index
650 ## - SUBJECT ADDED ENTRY--TOPICAL TERM
Topical Term Sikhism
650 ## - SUBJECT ADDED ENTRY--TOPICAL TERM
Topical Term God-Sikhism
942 ## - ADDED ENTRY ELEMENTS (KOHA)
Koha item type Books
700 1# -
-- Singh, Nikky-G Kaur
Holdings
Collection code Home library Current library Date acquired Cost, normal purchase price Full call number Accession Number Koha item type
  Henry Martyn Institute Library Henry Martyn Institute Library 07/26/2007 2775.00 294.6 SIN5 017033 Books
                   Copyright © 2026 | Henry Martyn Institute | Hyderabad | TS-500052 | INDIA | Implemented by hmi.edu.in
Hit-Count:

Powered by Koha